ನವಕರ್ನಾಟಕ ವ್ಯಾಕರಣ ಕೈಗನ್ನಡಿ (Record no. 236092)

MARC details
000 -LEADER
fixed length control field 00479nam a2200181Ia 4500
003 - CONTROL NUMBER IDENTIFIER
control field OSt
005 - DATE AND TIME OF LATEST TRANSACTION
control field 20251103162503.0
008 - FIXED-LENGTH DATA ELEMENTS--GENERAL INFORMATION
fixed length control field 250729s2005 xx 000 0 und d
040 ## - CATALOGING SOURCE
Transcribing agency AL
041 ## - LANGUAGE CODE
Language code of text/sound track or separate title kan
082 ## - DEWEY DECIMAL CLASSIFICATION NUMBER
Classification number 494.55 ITAN
100 ## - MAIN ENTRY--PERSONAL NAME
Personal name ಐತಾಳ ದಾಮೋದರ
9 (RLIN) 223808
245 ## - TITLE STATEMENT
Title ನವಕರ್ನಾಟಕ ವ್ಯಾಕರಣ ಕೈಗನ್ನಡಿ
260 ## - PUBLICATION, DISTRIBUTION, ETC.
Place of publication, distribution, etc. Bangalore
Date of publication, distribution, etc. 2005
300 ## - PHYSICAL DESCRIPTION
Extent 130p
650 ## - SUBJECT ADDED ENTRY--TOPICAL TERM
Topical term or geographic name entry element Kannada
9 (RLIN) 223809
942 ## - ADDED ENTRY ELEMENTS (KOHA)
Source of classification or shelving scheme Dewey Decimal Classification
Koha item type School of Education
Holdings
Withdrawn status Lost status Damaged status Not for loan Home library Current library Date acquired Source of acquisition Cost, normal purchase price Total Checkouts Full call number Barcode Date last seen Cost, replacement price Price effective from Koha item type
        St Aloysius Library St Aloysius Library 07/29/2025 School Book Company 40.00   494.55 ITAN BED01411 07/29/2025 40.00 07/29/2025 Book